Loading...
A suitable boy
| Main Author: | |
|---|---|
| Format: | Printed Book |
| Published: |
New Delhi
Prestige Books
1995
|
| Subjects: |
| LEADER | 00438cam a2200145ua 4500 | ||
|---|---|---|---|
| 020 | |a 81-85218-97-8 | ||
| 082 | |a In823.9 |b AGA/A | ||
| 100 | |a Agarwalla Shyam, S | ||
| 245 | 1 | 2 | |a A suitable boy |
| 260 | |a New Delhi |b Prestige Books |c 1995 | ||
| 300 | |a 95p. | ||
| 650 | 0 | |a Indian English literature | |
| 942 | |c BK | ||
| 999 | |c 2807 |d 2807 | ||
| 952 | |0 0 |1 0 |4 0 |6 IN_823_900000000000000_AGAA |7 0 |9 2935 |a KUCL |b KUCL |d 2014-05-23 |l 0 |o In823.9 AGA/A |p 05936 |r 2014-05-23 |y BK | ||